The diary of a young girl

Bibliographic Details
Main Author: Frank, Anne
Format: Book
Published: New York : Bantam Books , 1993
Subjects:

MARC

LEADER 00000cam a2200000 7i4500
001 0000008027
005 20070910.0
008 070910
020 |a 0553296981 
090 0 0 |a FRA   |b ENG 
100 1 |a Frank, Anne 
245 1 4 |a The diary of a young girl   |c Anne Frank 
260 |a New York :   |b Bantam Books ,   |c 1993 
650 0 |a Novel 
999 |a 0000992184   |b Book   |c Adult Collection   |e Perbadanan Perpustakaan Awam Johor